Statystyki dla QUIZ O KRAJACH EUROPY (2)

Kliknij tutaj aby rozwiązać quiz!

Ogólne statystyki

  • Ten quiz został rozwiązany 78 razy
  • Średni wynik to 5 z 10

Statystyki odpowiedzi

ZagadnienieOdpowiedź% Poprawnych
Który kraj nie należach do zwionzku radzieciegoBułgaria
84%
Który z tych krajów nie graniczy z bałtykiemNorwegia
83%
Który kraj nie należy do Uni EuropejskiejNorwegia
73%
Który kraj nie uczestniczył w 2 wojnie światowejSzwajcaria
73%
Który kraj największyFrancja
55%
Ile krajów jest w Europie46
47%
Jaki kraj ma najmniejsze pkb na osobeUkraina
35%
Który kraj jest wysunięty najbardziej na PołudnieWielka Brytania
13%
Który kraj produkuje najwięcej plastikuFrancja
8%
Który naród ma ,,byka" na fladzePortugalia
3%

Rozkład punktacji

Percentyl według liczby udzielonych odpowiedzi

Procent ludzi z każdym wynikiem

Twoja historia wyników

Nie rozwiązałeś tego quizu